Veda a mladí výskumníci v SR monotematický zborník
| Other Authors: | |
|---|---|
| Format: | Book |
| Language: | Slovak Czech English |
| PhysicalDescription: | 122 s. grafy, tab. 21 cm |
| Published: |
Bratislava
Ekonóm
2004
|
| ISBN: | 8022518670 |
| Edition: | [1. vyd.] |
| Subjects: |
MARC
| LEADER | 00000cam a2200000 a 4500 | ||
|---|---|---|---|
| 001 | vtls001494667 | ||
| 003 | SK-MaSNL | ||
| 005 | 20260301015406.0 | ||
| 008 | 250414s2004 xo dl f 100 0 slo | ||
| 015 | |a SNBA2005/06-02086 | ||
| 020 | |a 8022518670 |q (brož.) | ||
| 035 | |a e81a5511-9146-4bed-99ad-bd64710f221c | ||
| 035 | |a urn:nbn:sk:snk-amjqtm | ||
| 035 | |a urn:nbn:sk:snk:ar-008zjc | ||
| 040 | |a SNK |b slo |c SNK |e AACR2 | ||
| 041 | 0 | |a slo |a cze |a eng |b eng | |
| 043 | |a e-xo--- | ||
| 044 | |a xo |c SK | ||
| 072 | 7 | |a 00 |x Veda. Všeobecnosti. Základy vedy a kultúry. Vedecká práca |2 konspekt | |
| 245 | 0 | 0 | |a Veda a mladí výskumníci v SR |b monotematický zborník |c [zostavovateľ: Mária Antalová] |
| 250 | |a [1. vyd.] | ||
| 260 | |a Bratislava |b Ekonóm |c 2004 | ||
| 300 | |a 122 s. |b grafy, tab. |c 21 cm | ||
| 500 | |a Čiast. text angl., čes. | ||
| 504 | |a Bibliogr. odkazy | ||
| 506 | |a 70 výtl. Nepredajné | ||
| 546 | |a Res. angl. | ||
| 650 | 0 | 7 | |a veda |2 SNKPH |9 1599 |
| 650 | 0 | 7 | |a vedecký výskum |z Slovensko |2 SNKPH |9 305169 |
| 655 | 7 | |a zborníky konferencií |2 SNKPH |9 70153 | |
| 655 | 7 | |a issue_zb |2 SNK |9 276493 | |
| 700 | 1 | |a Antalová, Mária |4 com |9 305170 | |
| 852 | |a Slovenská národná knižnica | ||
| 919 | |a 80-225-1867-0 | ||
| 954 | |a odborná, vedecká literatúra pôvodná (slovenská) |2 lita | ||
| 954 | |a odborná, vedecká literatúra cudzojazyčná (svetová) |2 lita | ||
| 958 | |a ART | ||
| 958 | |a OND | ||
| 968 | |d 0 | ||
| 999 | |c 560711 |d 562641 | ||
| 952 | |a SNK |b SNK |y PREZ |7 0 |p 17A0458283 |o snkSC 118993 |i snk2005/2501 |8 0 |0 0 |1 0 |4 0 |d 2005-02-18 |l 0 |r 2025-05-28 00:00:00 |w 2026-02-23 | ||
| 952 | |a SNK |b SNK |y VYP |7 0 |p 17A0458284 |o snkSC 118993 D1 |i snk2005/2502 |8 0 |0 0 |1 0 |4 0 |d 2005-02-18 |l 0 |r 2026-02-23 13:40:46 |w 2026-02-23 | ||


